[Event "XXX C.to Italiano femminile"]
[Site "Bratto - Castione della Presolana ITA"]
[Date "2003.08.23"]
[Round "3"]
[White "Mosca, Giulia"]
[Black "Costantini, Laura"]
[Result "0-1"]
[WhiteElo "1452"]
[BlackElo "2075"]
[PlyCount "60"]
[EventDate "2003.08.21"]

1. e4 c5 2. Nf3 d6 3. d4 cxd4 4. Nxd4 Nf6 5. Nc3 a6 6. Bg5 e6 7. f4 Qc7 8. Qf3
b5 9. Bxf6 gxf6 10. O-O-O Bb7 11. Qh5 Qe7 12. Be2 Nc6 13. Nxe6 Qxe6 14. Bg4 Qc4
15. Nd5 Nb4 16. Nxb4 Qxb4 17. Be6 Be7 18. Qxf7+ Kd8 19. a3 Qc5 20. b4 Qc7 21.
e5 fxe5 22. Rxd6+ Bxd6 23. Qf6+ Qe7 24. Qxh8+ Kc7 25. Bg8 Bd5 26. fxe5 Qg5+ 27.
Kb1 Be7 28. Qxh7 Rxg8 29. Re1 Rg7 30. Qd3 Qxg2 0-1

[Event "XXX C.to Italiano femminile"]
[Site "Bratto - Castione della Presolana ITA"]
[Date "2003.08.23"]
[Round "3"]
[White "Reginato, Sabrina"]
[Black "Sautto, Alessandra"]
[Result "1/2-1/2"]
[WhiteElo "1395"]
[BlackElo "1968"]
[PlyCount "56"]
[EventDate "2003.08.21"]

1. e4 d5 2. exd5 Qxd5 3. Nc3 Qa5 4. d3 Nf6 5. Nf3 Bg4 6. Be2 e6 7. a3 c6 8. O-O
Nbd7 9. Be3 Be7 10. Qd2 Rd8 11. Rad1 c5 12. Rfe1 a6 13. Qc1 O-O 14. h3 Bh5 15.
Bd2 Qc7 16. d4 Bxf3 17. Bxf3 cxd4 18. Ne2 Bc5 19. Bg5 e5 20. c3 d3 21. Ng3 Qb6
22. Rf1 Rfe8 23. Ne4 Nxe4 24. Bxe4 f6 25. Bh4 Be7 26. Bxd3 Nc5 27. Bc4+ Kh8 28.
Rfe1 Ra8 1/2-1/2

[Event "XXX C.to Italiano femminile"]
[Site "Bratto - Castione della Presolana ITA"]
[Date "2003.08.23"]
[Round "3"]
[White "Sirletti, Sonia"]
[Black "Tonel, Giulia"]
[Result "1-0"]
[WhiteElo "2071"]
[BlackElo "1425"]
[PlyCount "57"]
[EventDate "2003.08.21"]

1. d4 d5 2. c4 e6 3. Nc3 Nf6 4. Bg5 Be7 5. e3 O-O 6. Nf3 h6 7. Bh4 b6 8. cxd5
exd5 9. Bd3 Bb7 10. O-O Nbd7 11. Qe2 Rc8 12. Rad1 c5 13. Bf5 c4 14. Ne5 Ra8 15.
f4 a6 16. Rf3 Kh8 17. Rh3 Nxe5 18. dxe5 Ng8 19. Bxe7 Nxe7 20. Be4 b5 21. g4 Qd7
22. Qg2 Rad8 23. f5 f6 24. exf6 Rxf6 25. g5 Rd6 26. f6 Ng8 27. gxh6 Nxh6 28.
Qg6 dxe4 29. Rxd6 1-0

[Event "XXX C.to Italiano femminile"]
[Site "Bratto - Castione della Presolana ITA"]
[Date "2003.08.23"]
[Round "3"]
[White "Tomba, Patrizia"]
[Black "Tiozzo Netti, Valeria"]
[Result "1-0"]
[WhiteElo "1492"]
[BlackElo "1600"]
[PlyCount "91"]
[EventDate "2003.08.21"]

1. e4 e5 2. Nf3 Nf6 3. Nc3 Bb4 4. d3 d5 5. exd5 Qxd5 6. Bd2 Bxc3 7. Bxc3 Bg4 8.
Be2 Nc6 9. O-O O-O-O 10. a4 Rhe8 11. b4 e4 12. dxe4 Qxe4 13. Bd3 Bxf3 14. Bxe4
Bxd1 15. Bxc6 bxc6 16. Raxd1 Rxd1 17. Rxd1 Nd5 18. Be1 Re2 19. c3 Rc2 20. Rd3
Rc1 21. Kf1 Nb6 22. a5 Na4 23. Ke2 c5 24. Kd2 Ra1 25. Ke2 cxb4 26. cxb4 Ra2+
27. Kf3 Ra1 28. Re3 Rd1 29. Ke2 Rd8 30. Re7 Rd7 31. Rxd7 Kxd7 32. Kd3 Nb2+ 33.
Ke4 Kc6 34. Bc3 Nc4 35. Bxg7 Na3 36. Bf8 Kb5 37. Kd3 Nc4 38. Kd4 Nd6 39. Kc3
Nb7 40. g4 Nxa5 41. bxa5 Kxa5 42. Kc4 a6 43. f4 Ka4 44. h4 Ka5 45. f5 f6 46. g5
1-0

[Event "XXX C.to Italiano femminile"]
[Site "Bratto - Castione della Presolana ITA"]
[Date "2003.08.24"]
[Round "4"]
[White "Cassinera, Chiara"]
[Black "Bassi, Serena"]
[Result "1/2-1/2"]
[WhiteElo "1528"]
[BlackElo "1347"]
[PlyCount "25"]
[EventDate "2003.08.21"]

1. d4 d5 2. Nf3 Nc6 3. Bf4 Bf5 4. e3 Nb4 5. Na3 Nf6 6. c3 Na6 7. h3 Bd7 8. Bd3
e6 9. Nc2 c5 10. b3 Be7 11. O-O b5 12. c4 bxc4 13. bxc4 1/2-1/2

[Event "XXX C.to Italiano femminile"]
[Site "Bratto - Castione della Presolana ITA"]
[Date "2003.08.24"]
[Round "4"]
[White "Clappa, Ilaria"]
[Black "Decataldo, Alba"]
[Result "0-1"]
[WhiteElo "1648"]
[BlackElo "1794"]
[PlyCount "76"]
[EventDate "2003.08.21"]

1. e4 d5 2. exd5 Qxd5 3. Nc3 Qd6 4. Nf3 Nf6 5. d3 a6 6. Be2 b5 7. a3 Bb7 8. O-O
e6 9. Ng5 Be7 10. Nge4 Qd8 11. Bf3 Nc6 12. Re1 O-O 13. Nxf6+ Bxf6 14. Ne4 Be7
15. Be3 Qd7 16. d4 Rfd8 17. Nc5 Bxc5 18. dxc5 Qe7 19. Qc1 Rd7 20. b4 Re8 21. a4
Qh4 22. Rb1 h6 23. axb5 axb5 24. Qb2 e5 25. Rec1 Ba8 26. Ra1 Qf6 27. Ra6 Bb7
28. Ra2 Nd8 29. Bxb7 Nxb7 30. c4 bxc4 31. h3 c6 32. Rxc4 Nd8 33. Ra6 Rb7 34.
Ra8 Qe6 35. Rc3 Qd5 36. Rca3 Qc4 37. Rb3 f5 38. Ra4 Rd7 0-1

[Event "XXX C.to Italiano femminile"]
[Site "Bratto - Castione della Presolana ITA"]
[Date "2003.08.24"]
[Round "4"]
[White "Costantini, Laura"]
[Black "Bianchini, Aurora"]
[Result "1-0"]
[WhiteElo "2075"]
[BlackElo "1654"]
[PlyCount "89"]
[EventDate "2003.08.21"]

1. e4 e5 2. Nf3 Nc6 3. d4 exd4 4. Nxd4 Bc5 5. Nb3 Bb6 6. a4 Qf6 7. Qe2 a6 8.
Nc3 Nge7 9. a5 Ba7 10. Be3 Bxe3 11. Qxe3 O-O 12. Be2 d6 13. O-O Be6 14. Nd2 Qd4
15. Qxd4 Nxd4 16. Bd3 f5 17. Rfe1 Nec6 18. Ne2 Nxe2+ 19. Rxe2 Nd4 20. Ree1 Nc6
21. c3 Ne5 22. Bc2 f4 23. f3 Rad8 24. Ra3 Nc6 25. Bb3 Bxb3 26. Nxb3 Rfe8 27.
Nd4 Ne5 28. Rb3 Nd3 29. Rd1 Nc5 30. Ra3 Rb8 31. b4 Nd7 32. c4 Ne5 33. Rc3 Rbd8
34. Nb3 Nc6 35. b5 Na7 36. Nd4 axb5 37. cxb5 Rd7 38. Rdc1 Re5 39. b6 cxb6 40.
axb6 Nc6 41. Nxc6 bxc6 42. Rxc6 Rb7 43. Rc8+ Kf7 44. R8c7+ Re7 45. Rxb7 1-0

[Event "XXX C.to Italiano femminile"]
[Site "Bratto - Castione della Presolana ITA"]
[Date "2003.08.24"]
[Round "4"]
[White "De Rosa, Mariagrazia"]
[Black "Ambrosi, Eleonora"]
[Result "1-0"]
[WhiteElo "1828"]
[BlackElo "2091"]
[PlyCount "61"]
[EventDate "2003.08.21"]

1. e4 c5 2. Nf3 Nc6 3. d4 cxd4 4. Nxd4 e5 5. Nb5 a6 6. Nd6+ Bxd6 7. Qxd6 Qf6 8.
Qa3 Nd4 9. Bd3 Qg6 10. O-O d6 11. Kh1 Bd7 12. f4 Ne7 13. Nc3 Bc6 14. Nd5 Bxd5
15. exd5 e4 16. Qa4+ b5 17. Qxd4 exd3 18. Re1 Qf6 19. Qe3 Rc8 20. Bd2 Rc7 21.
Bc3 Qh6 22. Qb6 Rd7 23. Qb8+ Rd8 24. Rxe7+ Kxe7 25. Re1+ Qe6 26. Rxe6+ fxe6 27.
Qa7+ Rd7 28. Qe3 dxc2 29. Qxe6+ Kd8 30. Ba5+ Kc8 31. Qe3 1-0

[Event "XXX C.to Italiano femminile"]
[Site "Bratto - Castione della Presolana ITA"]
[Date "2003.08.24"]
[Round "4"]
[White "Nazarova, Olga"]
[Black "Fittante, Giuliana"]
[Result "1/2-1/2"]
[WhiteElo "2050"]
[BlackElo "1813"]
[PlyCount "52"]
[EventDate "2003.08.21"]

1. d4 d5 2. c4 e6 3. Nc3 Nf6 4. Bg5 Nbd7 5. e3 c6 6. Bd3 Qa5 7. Bxf6 Nxf6 8.
Nf3 Qb4 9. Qb3 dxc4 10. Qxb4 Bxb4 11. Bxc4 Nd5 12. Rc1 O-O 13. O-O f6 14. Ne2
Bd6 15. Rfd1 a5 16. a3 Bd7 17. h3 Kh8 18. Rd2 Rad8 19. Ba2 Bc7 20. Nc3 Be8 21.
Ne4 Bd7 22. Rcc2 Bc8 23. Nc3 Nxc3 24. Rxc3 Bb6 25. Kh2 Rfe8 26. Rcd3 Bc7+
1/2-1/2

[Event "XXX C.to Italiano femminile"]
[Site "Bratto - Castione della Presolana ITA"]
[Date "2003.08.24"]
[Round "4"]
[White "Panella, Fiammetta"]
[Black "Sirletti, Sonia"]
[Result "0-1"]
[WhiteElo "1840"]
[BlackElo "2071"]
[PlyCount "84"]
[EventDate "2003.08.21"]

1. e4 d5 2. exd5 Qxd5 3. Nc3 Qa5 4. d4 Nf6 5. Nf3 c6 6. Bd2 Qb6 7. Na4 Qc7 8.
Bd3 Bg4 9. h3 Bh5 10. Qe2 e6 11. O-O-O Nbd7 12. g4 Bg6 13. Bxg6 hxg6 14. Ng5
Be7 15. Rhe1 Qd6 16. c4 O-O 17. f4 b5 18. Nc3 Qxd4 19. f5 gxf5 20. Nxe6 fxe6
21. Qxe6+ Rf7 22. g5 Nc5 23. Qxc6 Nd3+ 24. Kb1 Rd8 25. g6 Nxe1 26. Bxe1 Qxc4
27. Rxd8+ Bxd8 28. gxf7+ Kxf7 29. Qxb5 Qxb5 30. Nxb5 Bb6 31. Nd6+ Ke6 32. Nc4
Bd4 33. Kc2 Ne4 34. b4 Kd5 35. Nd2 Nxd2 36. Kxd2 Ke4 37. Ke2 f4 38. Bf2 Bxf2
39. Kxf2 g5 40. a4 Kd4 41. Kf3 Kc4 42. b5 Kb4 0-1

[Event "XXX C.to Italiano femminile"]
[Site "Bratto - Castione della Presolana ITA"]
[Date "2003.08.24"]
[Round "4"]
[White "Pili, Erika"]
[Black "Brunello, Roberta"]
[Result "1-0"]
[WhiteElo "1759"]
[BlackElo "1480"]
[PlyCount "51"]
[EventDate "2003.08.21"]

1. e4 e5 2. Nc3 Nf6 3. f4 d6 4. Nf3 Nc6 5. a3 Be7 6. Bc4 Bg4 7. d3 Nd4 8. Be3
Bxf3 9. gxf3 Nh5 10. fxe5 dxe5 11. O-O Bg5 12. Bxg5 Qxg5+ 13. Kh1 Nf4 14. Rg1
Qh5 15. Rxg7 Rf8 16. Nd5 Nxd5 17. Bxd5 O-O-O 18. c3 Qxf3+ 19. Qxf3 Nxf3 20. a4
h6 21. Rf1 c6 22. Bxf7 Ng5 23. Kg2 Rxd3 24. Rxg5 Rd2+ 25. Kg1 Kc7 26. Rg2 1-0

[Event "XXX C.to Italiano femminile"]
[Site "Bratto - Castione della Presolana ITA"]
[Date "2003.08.24"]
[Round "4"]
[White "Sautto, Alessandra"]
[Black "Tomba, Patrizia"]
[Result "1-0"]
[WhiteElo "1968"]
[BlackElo "1492"]
[PlyCount "71"]
[EventDate "2003.08.21"]

1. d4 Nf6 2. Nf3 g6 3. Nbd2 Bg7 4. e4 d6 5. Bd3 O-O 6. O-O Nbd7 7. c3 e5 8.
dxe5 dxe5 9. Qe2 Re8 10. Nb3 Nb6 11. Bg5 h6 12. Be3 c6 13. Rad1 Qc7 14. Nc5 Bg4
15. h3 Bxf3 16. Qxf3 Nfd7 17. Nxd7 Nxd7 18. Rd2 Nb6 19. Rfd1 Rad8 20. Bxb6 axb6
21. Bc4 Rxd2 22. Rxd2 b5 23. Bb3 c5 24. Bd5 c4 25. b3 Rf8 26. bxc4 bxc4 27. Rb2
b6 28. Rb4 Kh8 29. Rxc4 Qa7 30. Rc6 b5 31. Qe2 f5 32. Rxg6 fxe4 33. Bxe4 Qc5
34. Rc6 Qa3 35. Qd2 Bf6 36. Qxh6+ 1-0

[Event "XXX C.to Italiano femminile"]
[Site "Bratto - Castione della Presolana ITA"]
[Date "2003.08.24"]
[Round "4"]
[White "Tonel, Giulia"]
[Black "Mosca, Giulia"]
[Result "1-0"]
[WhiteElo "1425"]
[BlackElo "1452"]
[PlyCount "65"]
[EventDate "2003.08.21"]

1. e4 c6 2. d4 d5 3. Nd2 dxe4 4. Nxe4 Nd7 5. Nf3 Ngf6 6. Ng3 e6 7. Bd3 c5 8. c3
cxd4 9. cxd4 Be7 10. O-O b6 11. b3 Bb7 12. Bb2 Rc8 13. Ne5 O-O 14. Qd2 Nxe5 15.
dxe5 Qd5 16. f3 Bc5+ 17. Kh1 Nd7 18. Qe2 Rc7 19. Be4 Ba6 20. Qxa6 Qd2 21. Qe2
Qg5 22. Rac1 Rfc8 23. f4 Qe7 24. Bd3 Nf8 25. Ne4 Nd7 26. Ba6 Rd8 27. b4 f5 28.
exf6 gxf6 29. bxc5 bxc5 30. Rfd1 Rf8 31. Ba3 f5 32. Ng5 e5 33. Nf3 1-0

[Event "XXX C.to Italiano femminile"]
[Site "Bratto - Castione della Presolana ITA"]
[Date "2003.08.25"]
[Round "5"]
[White "Ambrosi, Eleonora"]
[Black "Pili, Erika"]
[Result "1-0"]
[WhiteElo "2091"]
[BlackElo "1759"]
[PlyCount "61"]
[EventDate "2003.08.21"]

1. d4 d5 2. Nf3 Nf6 3. c4 e6 4. Nbd2 b6 5. g3 Bb7 6. Bg2 Nbd7 7. O-O c5 8. e3
Bd6 9. Re1 O-O 10. b3 Qc7 11. Bb2 Rac8 12. Rc1 Qb8 13. cxd5 Nxd5 14. Nc4 Be7
15. e4 Nc7 16. Nfe5 Nxe5 17. dxe5 Rfd8 18. Qg4 Qa8 19. Nd6 Bc6 20. f4 g6 21.
Rcd1 f5 22. Qe2 fxe4 23. Bxe4 Bxe4 24. Nxe4 Nd5 25. Nd6 a6 26. Qg4 Nc7 27. h4
Kg7 28. h5 Kh8 29. hxg6 Kg7 30. gxh7+ Kxh7 31. Kf2 1-0

[Event "XXX C.to Italiano femminile"]
[Site "Bratto - Castione della Presolana ITA"]
[Date "2003.08.25"]
[Round "5"]
[White "Bassi, Serena"]
[Black "Brunello, Roberta"]
[Result "0-1"]
[WhiteElo "1347"]
[BlackElo "1480"]
[PlyCount "66"]
[EventDate "2003.08.21"]

1. e4 e5 2. Nf3 Nc6 3. Nc3 Nf6 4. d4 exd4 5. Nxd4 Nxd4 6. Qxd4 b6 7. Bg5 Bc5 8.
Qd1 Qe7 9. Bd3 Qd6 10. Qe2 Bd4 11. O-O Qe5 12. Bxf6 Qxf6 13. Nd5 Qd6 14. c3 Bf6
15. f4 Qc5+ 16. Kh1 Bd8 17. Rad1 O-O 18. Bc2 Bb7 19. Ne3 Re8 20. e5 d6 21. Qd3
g6 22. Rfe1 dxe5 23. fxe5 Rxe5 24. Bb3 Bh4 25. Re2 Rae8 26. Qd7 R5e7 27. Qh3
Bg5 28. Rf1 Bxe3 29. Rxe3 Qxe3 30. Qxe3 Rxe3 31. Bxf7+ Kg7 32. Bxe8 Rxe8 33.
Kg1 Re2 0-1

[Event "XXX C.to Italiano femminile"]
[Site "Bratto - Castione della Presolana ITA"]
[Date "2003.08.25"]
[Round "5"]
[White "Bianchini, Aurora"]
[Black "Sautto, Alessandra"]
[Result "1-0"]
[WhiteElo "1654"]
[BlackElo "1968"]
[PlyCount "58"]
[EventDate "2003.08.21"]

1. d4 d5 2. c4 e6 3. Nc3 Nf6 4. Bg5 Nbd7 5. e3 Be7 6. Nf3 h6 7. Bh4 a6 8. a4
dxc4 9. Bxc4 Nb6 10. Bb3 Nbd5 11. O-O c6 12. Na2 Ne4 13. Bxe7 Qxe7 14. Qd3 Nef6
15. Bc2 Bd7 16. Rac1 Rc8 17. Ne5 Nb4 18. Nxb4 Qxb4 19. b3 Qe7 20. f4 Nd5 21.
Bb1 Nb4 22. Qe2 O-O 23. Qh5 Nd5 24. Qh3 Nf6 25. g4 Nd5 26. Rf3 f5 27. Rg3 fxg4
28. Rxg4 Nf6 29. Qxh6 Rfd8 1-0

[Event "XXX C.to Italiano femminile"]
[Site "Bratto - Castione della Presolana ITA"]
[Date "2003.08.25"]
[Round "5"]
[White "Cassinera, Chiara"]
[Black "Castellano, Fulvia"]
[Result "1/2-1/2"]
[WhiteElo "1528"]
[BlackElo "1525"]
[PlyCount "54"]
[EventDate "2003.08.21"]

1. d4 Nf6 2. Nf3 g6 3. Bf4 Bg7 4. e3 O-O 5. h3 d6 6. c3 b6 7. Be2 Bb7 8. O-O c5
9. dxc5 dxc5 10. c4 Ne4 11. Be5 f6 12. Bc3 Qc7 13. Qc2 Nxc3 14. Nxc3 Nc6 15.
Rad1 Rad8 16. Rxd8 Rxd8 17. Rd1 a6 18. Nd5 Qb8 19. Nxb6 Nb4 20. Qb3 Bxf3 21.
Bxf3 Rxd1+ 22. Bxd1 Qxb6 23. a3 a5 24. axb4 Qxb4 25. Qxb4 axb4 26. b3 Kf7 27.
Kf1 e5 1/2-1/2

[Event "XXX C.to Italiano femminile"]
[Site "Bratto - Castione della Presolana ITA"]
[Date "2003.08.25"]
[Round "5"]
[White "Clappa, Ilaria"]
[Black "Nazarova, Olga"]
[Result "1-0"]
[WhiteElo "1648"]
[BlackElo "2050"]
[PlyCount "59"]
[EventDate "2003.08.21"]

1. e4 d5 2. exd5 Qxd5 3. Nc3 Qa5 4. g3 Nf6 5. Bg2 c6 6. Nge2 Bf5 7. d3 e5 8.
O-O Nbd7 9. a3 Be7 10. b4 Bxb4 11. Bd2 Bxc3 12. Nxc3 Qc7 13. f4 O-O 14. Rb1 Bg4
15. Qc1 Nb6 16. Rf2 Rfe8 17. Qf1 Re7 18. fxe5 Qxe5 19. Re1 Qd6 20. Rxe7 Qxe7
21. Bg5 Qc5 22. Bxf6 gxf6 23. Ne4 Qd4 24. c3 Qa4 25. Nxf6+ Kh8 26. Rf4 Qxa3 27.
Nxg4 Qxc3 28. Nh6 Rf8 29. Nxf7+ Rxf7 30. Rxf7 1-0

[Event "XXX C.to Italiano femminile"]
[Site "Bratto - Castione della Presolana ITA"]
[Date "2003.08.25"]
[Round "5"]
[White "Decataldo, Alba"]
[Black "Costantini, Laura"]
[Result "0-1"]
[WhiteElo "1794"]
[BlackElo "2075"]
[PlyCount "114"]
[EventDate "2003.08.21"]

1. e4 c6 2. d4 d5 3. exd5 cxd5 4. c4 Nf6 5. Nc3 Nc6 6. cxd5 Nxd5 7. Nf3 Bg4 8.
Bc4 e6 9. Nxd5 exd5 10. Be2 Be7 11. O-O O-O 12. Be3 Bf6 13. Qd2 Rc8 14. Rac1
Qb6 15. Rfd1 h6 16. Ne5 Bxe2 17. Nd7 Qd8 18. Nxf6+ Qxf6 19. Qxe2 Rfe8 20. Qg4
Rcd8 21. Qg3 Re4 22. Qc7 Re7 23. Qg3 Rde8 24. h3 Re4 25. Qf3 Qxf3 26. gxf3 R4e6
27. Kh2 Rf6 28. Rc5 Rd8 29. Kg3 Rd7 30. a3 Ne7 31. Bf4 Rc6 32. b4 b6 33. Rxc6
Nxc6 34. Be3 Rd8 35. Rc1 Rc8 36. Bf4 a6 37. a4 Na7 38. Rxc8+ Nxc8 39. Bc7 b5
40. axb5 axb5 41. Kf4 f6 42. Kg4 g6 43. Kf4 Kf7 44. Ke3 Ke6 45. Bg3 Ne7 46. Kd3
Nc6 47. Kc3 Kf5 48. h4 h5 49. Bd6 g5 50. Bg3 g4 51. Bd6 gxf3 52. Kd3 Kg4 53.
Ke3 f5 54. Bc5 f4+ 55. Kd2 Kxh4 56. Ke1 Kg4 57. Kf1 Kf5 0-1

[Event "XXX C.to Italiano femminile"]
[Site "Bratto - Castione della Presolana ITA"]
[Date "2003.08.25"]
[Round "5"]
[White "Fittante, Giuliana"]
[Black "Matta, Francesca"]
[Result "1/2-1/2"]
[WhiteElo "1813"]
[BlackElo "1624"]
[PlyCount "81"]
[EventDate "2003.08.21"]

1. c4 Nf6 2. Nc3 g6 3. g3 Bg7 4. Bg2 d6 5. d3 O-O 6. Nf3 Nbd7 7. O-O a5 8. Bd2
Nc5 9. Ne1 e5 10. Nc2 Bg4 11. h3 Be6 12. b3 Ne8 13. Rb1 f5 14. a3 Qc8 15. Kh2
c6 16. b4 axb4 17. axb4 Nd7 18. Qc1 f4 19. Ne4 fxg3+ 20. fxg3 Rxf1 21. Qxf1 Ra2
22. Rc1 Ndf6 23. Ng5 Bd7 24. Bc3 h6 25. Ne4 Bf5 26. Nxf6+ Nxf6 27. Ne3 Be6 28.
Ra1 Qa8 29. Qb1 Rxa1 30. Qxa1 Qxa1 31. Bxa1 Kf7 32. b5 Bd7 33. b6 Ke6 34. Bc3
d5 35. Bd2 Kd6 36. cxd5 cxd5 37. Bb4+ Kc6 38. Be7 Be6 39. Nc4 Nd7 40. Bd8 Kc5
41. Na5 1/2-1/2

[Event "XXX C.to Italiano femminile"]
[Site "Bratto - Castione della Presolana ITA"]
[Date "2003.08.25"]
[Round "5"]
[White "Sirletti, Sonia"]
[Black "De Rosa, Mariagrazia"]
[Result "0-1"]
[WhiteElo "2071"]
[BlackElo "1828"]
[PlyCount "118"]
[EventDate "2003.08.21"]

1. d4 Nf6 2. c4 g6 3. Nc3 Bg7 4. e4 d6 5. Nf3 O-O 6. Be2 e5 7. d5 a5 8. Bg5 Na6
9. Nd2 h6 10. Be3 Nh7 11. a3 Bd7 12. b3 f5 13. f3 f4 14. Bf2 h5 15. O-O g5 16.
Rb1 Rf7 17. b4 axb4 18. axb4 Bf8 19. c5 Rg7 20. c6 Bc8 21. Ra1 g4 22. Qe1 g3
23. hxg3 fxg3 24. Bxg3 Qg5 25. Qf2 Qxd2 26. Nb5 Qxb4 27. Rfb1 Qd2 28. Na7 Rxa7
29. Qxa7 Qxe2 30. cxb7 Bxb7 31. Rxb7 Nc5 32. Re1 Qd2 33. Bf2 Nxb7 34. Qxb7 Ng5
35. Kf1 Qd3+ 36. Re2 Qd1+ 37. Re1 Qd3+ 38. Re2 c5 39. Qc8 Qb1+ 40. Re1 Qb5+ 41.
Re2 Qd7 42. Qa8 Qf7 43. Rb2 Qa7 44. Rb8 Qxa8 45. Rxa8 Rf7 46. Kg1 Kg7 47. Be3
Nh7 48. Kh2 Rc7 49. Kg1 Be7 50. Kf2 Bg5 51. Ra6 Be7 52. Bd2 Rb7 53. Kg3 Rb2 54.
Be1 h4+ 55. Kh2 Ng5 56. Kg1 h3 57. Bc3 Rxg2+ 58. Kh1 Nxf3 59. Ra1 Rh2# 0-1

[Event "XXX C.to Italiano femminile"]
[Site "Bratto - Castione della Presolana ITA"]
[Date "2003.08.25"]
[Round "5"]
[White "Tonel, Giulia"]
[Black "Panella, Fiammetta"]
[Result "0-1"]
[WhiteElo "1425"]
[BlackElo "1840"]
[PlyCount "80"]
[EventDate "2003.08.21"]

1. e4 c5 2. Nc3 Nc6 3. g3 g6 4. Bg2 Bg7 5. f4 d6 6. Nf3 e6 7. d3 Nge7 8. O-O
O-O 9. Be3 Nd4 10. Rb1 Qa5 11. Bxd4 cxd4 12. Ne2 e5 13. a3 f5 14. Nd2 Be6 15.
c4 Rac8 16. Qc1 fxe4 17. Nxe4 d5 18. Nd6 dxc4 19. Nxc8 Rxc8 20. dxc4 Bxc4 21.
Qd1 Nf5 22. Qe1 Qc5 23. Rf2 e4 24. Bxe4 d3 25. Bxf5 gxf5 26. Nc3 Bd4 27. Kg2
Qc6+ 28. Kg1 Re8 29. Qd1 Qc5 30. Qd2 Be3 31. Qd1 Bxf2+ 32. Kg2 Bd4 33. Qh5 Bf7
34. Qg5+ Kh8 35. Rc1 d2 36. Rd1 Bxc3 37. bxc3 Re2+ 38. Kh3 Qf2 39. Qf6+ Kg8 40.
Qd8+ Kg7 0-1

[Event "XXX C.to Italiano femminile"]
[Site "Bratto - Castione della Presolana ITA"]
[Date "2003.08.26"]
[Round "6"]
[White "Brunello, Roberta"]
[Black "Tonel, Giulia"]
[Result "1-0"]
[WhiteElo "1480"]
[BlackElo "1425"]
[PlyCount "73"]
[EventDate "2003.08.21"]

1. e4 e5 2. Nf3 Nc6 3. d4 exd4 4. Nxd4 Bc5 5. Be3 Qf6 6. c3 Nge7 7. Bc4 Bb6 8.
O-O O-O 9. f4 d6 10. Na3 a6 11. Bb3 Re8 12. Nc4 Ba7 13. Nxc6 Bxe3+ 14. Nxe3
Nxc6 15. Nd5 Qd8 16. Qf3 Na5 17. Bc2 Nc4 18. Qe2 b5 19. b3 Na5 20. Qd3 c6 21.
Ne3 Nb7 22. b4 Qf6 23. e5 Qh6 24. Rad1 d5 25. Qd4 a5 26. a3 f6 27. Rde1 fxe5
28. fxe5 a4 29. Rf3 Qe6 30. Qf4 Bd7 31. Ref1 Qe7 32. Qf7+ Qxf7 33. Rxf7 Rad8
34. Bd3 Rf8 35. Rxf8+ Rxf8 36. Bxh7+ Kxh7 37. Rxf8 1-0

[Event "XXX C.to Italiano femminile"]
[Site "Bratto - Castione della Presolana ITA"]
[Date "2003.08.26"]
[Round "6"]
[White "Castellano, Fulvia"]
[Black "Tomba, Patrizia"]
[Result "1-0"]
[WhiteElo "1525"]
[BlackElo "1492"]
[PlyCount "63"]
[EventDate "2003.08.21"]

1. e4 e5 2. Nf3 Nc6 3. d4 exd4 4. Nxd4 Nxd4 5. Qxd4 d6 6. Be3 Nf6 7. Nc3 Be7 8.
Bc4 O-O 9. f4 Ng4 10. O-O-O Nxe3 11. Qxe3 Bd7 12. Kb1 Qc8 13. h3 a6 14. g4 b5
15. Bd3 Be6 16. f5 Bc4 17. g5 f6 18. Bxc4+ bxc4 19. Nd5 Qd7 20. h4 Rab8 21. e5
fxe5 22. f6 Bd8 23. h5 Qb5 24. b3 cxb3 25. axb3 a5 26. g6 Bxf6 27. gxh7+ Kh8
28. h6 a4 29. Nxf6 Rxf6 30. hxg7+ Kxg7 31. Rdg1+ Kh8 32. Qg5 1-0

[Event "XXX C.to Italiano femminile"]
[Site "Bratto - Castione della Presolana ITA"]
[Date "2003.08.26"]
[Round "6"]
[White "Costantini, Laura"]
[Black "Ambrosi, Eleonora"]
[Result "0-1"]
[WhiteElo "2075"]
[BlackElo "2091"]
[PlyCount "82"]
[EventDate "2003.08.21"]

1. e4 e6 2. d4 d5 3. Nc3 Nf6 4. Bg5 dxe4 5. Nxe4 Be7 6. Bxf6 gxf6 7. Nf3 b6 8.
Bb5+ c6 9. Ba4 Bb7 10. Qd2 f5 11. Ng3 Nd7 12. c4 Qc7 13. Rc1 O-O-O 14. Qe2 Bb4+
15. Kf1 Qf4 16. Rc2 Kb8 17. a3 Bf8 18. Qe3 Bh6 19. Qxf4+ Bxf4 20. b4 Nf6 21.
Ke2 h5 22. Rd1 h4 23. Nf1 Ne4 24. Ne3 f6 25. Bb3 Bxe3 26. fxe3 h3 27. g3 Rhe8
28. Ng1 Ng5 29. Rcd2 Ne4 30. Rd3 Ng5 31. c5 Ba6 32. cxb6 Bxd3+ 33. Rxd3 axb6
34. Rc3 Kb7 35. Ba4 b5 36. Bc2 Rd5 37. Nf3 e5 38. dxe5 Nxf3 39. Kxf3 Rexe5 40.
a4 Rd2 41. axb5 cxb5 0-1

[Event "XXX C.to Italiano femminile"]
[Site "Bratto - Castione della Presolana ITA"]
[Date "2003.08.26"]
[Round "6"]
[White "De Rosa, Mariagrazia"]
[Black "Clappa, Ilaria"]
[Result "1-0"]
[WhiteElo "1828"]
[BlackElo "1648"]
[PlyCount "61"]
[EventDate "2003.08.21"]

1. e4 e6 2. d4 d5 3. e5 c5 4. c3 Qb6 5. Nf3 Bd7 6. a3 cxd4 7. cxd4 Bb5 8. Bxb5+
Qxb5 9. b4 Nd7 10. Nc3 Qa6 11. Be3 Ne7 12. Ne2 Nf5 13. O-O Nb6 14. g4 Nxe3 15.
fxe3 Be7 16. Nf4 Nc4 17. Qd3 f6 18. b5 Qb6 19. e4 fxe5 20. exd5 exf4 21. Qxc4
O-O 22. Rfe1 Rac8 23. Qb3 Bf6 24. dxe6 Bxd4+ 25. Kh1 Kh8 26. e7 Rfe8 27. Ng5
Rc3 28. Nf7+ Kg8 29. Nh6+ Kh8 30. Qg8+ Rxg8 31. Nf7# 1-0

[Event "XXX C.to Italiano femminile"]
[Site "Bratto - Castione della Presolana ITA"]
[Date "2003.08.26"]
[Round "6"]
[White "Fittante, Giuliana"]
[Black "Bianchini, Aurora"]
[Result "1-0"]
[WhiteElo "1813"]
[BlackElo "1654"]
[PlyCount "127"]
[EventDate "2003.08.21"]

1. d4 Nf6 2. Nf3 e6 3. Bf4 c5 4. e3 Be7 5. c3 cxd4 6. exd4 O-O 7. Nbd2 b6 8.
Bd3 Bb7 9. Qe2 Nc6 10. h3 d6 11. O-O-O Rc8 12. Kb1 Qd7 13. g4 Rfd8 14. Rhg1 e5
15. Bf5 Qc7 16. Bxc8 Rxc8 17. dxe5 dxe5 18. Nxe5 Nxe5 19. Qxe5 Qxe5 20. Bxe5
Nd5 21. Nb3 f6 22. Bg3 b5 23. Nd4 b4 24. cxb4 Nxb4 25. Rge1 Bc5 26. Ne6 Bb6 27.
Rd7 Ba6 28. Red1 Bc4 29. Nxg7 Bd3+ 30. R7xd3 Nxd3 31. Rxd3 Kxg7 32. Rd7+ Kg8
33. Bh4 Rc6 34. a4 Re6 35. a5 Bxa5 36. Rxa7 Be1 37. Ka2 Re2 38. Bxf6 Rxf2 39.
Bd4 Rf4 40. Be5 Re4 41. Bf6 Rf4 42. g5 h6 43. Rg7+ Kf8 44. Ra7 hxg5 45. Bxg5
Rf5 46. h4 Rb5 47. Ka3 Bf2 48. Rc7 Bd4 49. b3 Be5 50. Rd7 Bc3 51. Ra7 Bd4 52.
Ra8+ Kf7 53. Ka4 Re5 54. b4 Re1 55. Kb5 Re4 56. Kc6 Bf2 57. b5 Rc4+ 58. Kd7 Rb4
59. Rf8+ Kxf8 60. Be7+ Kg7 61. Bxb4 Bxh4 62. b6 Bf2 63. b7 Ba7 64. Kc8 1-0